000 00596nam a22001932 4500
001 0000009685
005 20151217155842.0
008 081116s xx 000 0 eng d
040 _aKABU
_cKABU
100 1 _aCoupland, R.
_@0000161337
245 1 4 _aThe Exploitation of East Africa 1856-1890 :
_bslave trade and the scramble /
_cR. Coupland.
250 _a1st ed.
260 _aLondon :
_bFaber & Faber,
_c1939.
300 _aix, 507 p.
651 0 _aAfrica, East
_xHistory.
_@0000149488
852 1 _9p500 KES
908 _a081116
950 _@1
999 _c13230
_d13230